Techniques of growing tobacco in tbong khmom distrct kampong cham province, បច្ចេកទេសដាំដុះថ្នាំជក់ នៅស្រុកត្បូងឃ្មុំ ខេត្តកំពង់ចាម (Record no. 2875)

000 -LEADER
fixed length control field 00603nam a22001577a 4500
003 - CONTROL NUMBER IDENTIFIER
control field OSt
005 - DATE AND TIME OF LATEST TRANSACTION
control field 20151031084353.0
008 - FIXED-LENGTH DATA ELEMENTS--GENERAL INFORMATION
fixed length control field 151031b xxu||||| |||| 00| 0 eng d
040 ## - CATALOGING SOURCE
Transcribing agency RUA
082 ## - DEWEY DECIMAL CLASSIFICATION NUMBER
Classification number ATM.s MAK 2004 B004 Or.1
100 ## - MAIN ENTRY--PERSONAL NAME
9 (RLIN) 3085
Personal name MAK, SOPHY.
245 ## - TITLE STATEMENT
Title Techniques of growing tobacco in tbong khmom distrct kampong cham province, បច្ចេកទេសដាំដុះថ្នាំជក់ នៅស្រុកត្បូងឃ្មុំ ខេត្តកំពង់ចាម
260 ## - PUBLICATION, DISTRIBUTION, ETC. (IMPRINT)
Place of publication, distribution, etc. Phnom Penh
Name of publisher, distributor, etc. RUA
Date of publication, distribution, etc. 2004
300 ## - PHYSICAL DESCRIPTION
Extent ix, 42p.
Other physical details ill.
Dimensions 29cm.
942 ## - ADDED ENTRY ELEMENTS (KOHA)
Source of classification or shelving scheme
Koha item type ATM.s
Holdings
Price effective from Date last seen Permanent Location Not for loan Date acquired Source of classification or shelving scheme Koha item type Lost status Withdrawn status Date last checked out Total Checkouts Shelving location Damaged status Barcode Current Location Full call number
2015-10-312015-10-31Library Block B 2015-10-31 ATM.s    B059 RUA004383Library Block BATM.s MAK 2004 B059 Or.1
2015-10-312015-10-31Library Block B 2015-10-31 ATM.s    B059 RUA004440Library Block BATM.s MAK 2004 B059 Or.2
2015-10-312018-07-09Library Block B 2015-10-31 ATM.s  2018-06-251B059 RUA004311Library Block BATM.s MAK 2004 B059 Or.3
មជ្ឈមណ្ឌលឯការនៃសាកលវិទ្យាល័យភូមិន្ទកសិកម្មចំការដូង

Powered by Koha